000 00315nam a22001217a 4500
020 _a9780849320972
082 _a628.1
_bSHA/GI
100 _aShamsi, U M
_9184
245 _aGIS Applications for Water, Wastewater, and Stormwater Systems
260 _aLondon
_bTaylor & Francis
_c2005
300 _a413
942 _cBK
999 _c14155
_d14155